在所属地级行政区中人口占比>40%的县级行政区 - Statistics

General Stats
  • This quiz has been taken 38 times
  • The average score is 51 of 74
Answer Stats
人口占比 省区 关联地/县 目标地/县 % Correct
77.17 江西省 渝水区 新余市
88%
47.32 安徽省 濉溪县 淮北市
88%
84.56 新疆维吾尔自治区 伊州区 哈密市
85%
64.46 湖北省 鄂城区 鄂州市
85%
51.18 陕西省 耀州区 铜川市
85%
47.38 青海省 海西蒙古族藏族自治州 格尔木市
82%
77.74 内蒙古自治区 阿拉善左旗 阿拉善盟
82%
60.93 内蒙古自治区 海勃湾区 乌海市
82%
60.43 甘肃省 凉州区 武威市
82%
59.45 甘肃省 金川区 金昌市
82%
56.74 广东省 香洲区 珠海市
82%
47.38 青海省 格尔木市 海西蒙古族藏族自治州
82%
43.16 甘肃省 肃州区 酒泉市
82%
40.84 山东省 滕州市 枣庄市
82%
40.55 甘肃省 永昌县 金昌市
82%
77.74 内蒙古自治区 阿拉善盟 阿拉善左旗
79%
68.77 新疆维吾尔自治区 克拉玛依市 克拉玛依区
79%
56.74 广东省 珠海市 香洲区
79%
68.77 新疆维吾尔自治区 克拉玛依区 克拉玛依市
79%
55.11 西藏自治区 城关区 拉萨市
79%
51.64 新疆维吾尔自治区 库尔勒市 巴音郭楞蒙古自治州
79%
46.56 江西省 乐平市 景德镇市
79%
45.90 甘肃省 甘州区 张掖市
79%
55.11 西藏自治区 拉萨市 城关区
76%
51.64 新疆维吾尔自治区 巴音郭楞蒙古自治州 库尔勒市
76%
45.90 甘肃省 张掖市 甘州区
76%
49.39 云南省 景洪市 西双版纳傣族自治州
76%
48.10 云南省 香格里拉市 迪庆藏族自治州
76%
46.83 江西省 贵溪市 鹰潭市
76%
45.74 新疆维吾尔自治区 高昌区 吐鲁番市
76%
43.37 海南省 吉阳区 三亚市
76%
43.19 浙江省 定海区 舟山市
76%
41.27 宁夏回族自治区 原州区 固原市
76%
40.07 山东省 环翠区 威海市
76%
84.56 新疆维吾尔自治区 哈密市 伊州区
73%
60.93 内蒙古自治区 乌海市 海勃湾区
73%
49.39 云南省 西双版纳傣族自治州 景洪市
73%
48.10 云南省 迪庆藏族自治州 香格里拉市
73%
56.91 新疆维吾尔自治区 博乐市 博尔塔拉蒙古自治州
73%
52.14 青海省 门源回族自治县 海北藏族自治州
73%
46.63 广西壮族自治区 合浦县 北海市
73%
45.75 广东省 潮安区 潮州市
73%
60.43 甘肃省 武威市 凉州区
70%
59.45 甘肃省 金昌市 金川区
70%
56.91 新疆维吾尔自治区 博尔塔拉蒙古自治州 博乐市
70%
43.19 浙江省 舟山市 定海区
70%
43.16 甘肃省 酒泉市 肃州区
70%
42.42 山东省 东营市 东营区
70%
40.84 山东省 枣庄市 滕州市
70%
45.13 广东省 陆丰市 汕尾市
70%
42.42 山东省 东营区 东营市
70%
64.46 湖北省 鄂州市 鄂城区
64%
51.18 陕西省 铜川市 耀州区
64%
77.17 江西省 新余市 渝水区
61%
45.75 广东省 潮州市 潮安区
61%
46.76 新疆维吾尔自治区 阿图什市 克孜勒苏柯尔克孜自治州
61%
47.32 安徽省 淮北市 濉溪县
58%
45.13 广东省 汕尾市 陆丰市
58%
40.55 甘肃省 金昌市 永昌县
58%
41.19 四川省 安岳县 资阳市
58%
46.76 新疆维吾尔自治区 克孜勒苏柯尔克孜自治州 阿图什市
55%
45.74 新疆维吾尔自治区 吐鲁番市 高昌区
55%
41.27 宁夏回族自治区 固原市 原州区
55%
40.07 山东省 威海市 环翠区
55%
45.82 安徽省 贵池区 池州市
55%
44.60 广西壮族自治区 兴宾区 来宾市
55%
43.37 海南省 三亚市 吉阳区
52%
46.83 江西省 鹰潭市 贵溪市
48%
46.63 广西壮族自治区 北海市 合浦县
48%
52.14 青海省 海北藏族自治州 门源回族自治县
42%
46.56 江西省 景德镇市 乐平市
42%
45.82 安徽省 池州市 贵池区
39%
44.60 广西壮族自治区 来宾市 兴宾区
33%
41.19 四川省 资阳市 安岳县
30%
No matching quizzes found
Score Distribution
Percent of People with Each Score
Percentile by Number Answered
Your Score History
You have not taken this quiz